Rechtschreibung - Sudden Death - Statistiken

Allgemein
  • Dieses Quiz wurde 49.015 mal gespielt
  • Das Durchschnittsergebnis liegt bei 5 aus 12
Answers on the Grid
Answers color-coded by a green-red scale on the quiz's grid according to % correct below.
Ananmese
Biopsie
Endokopie
Immunologie
Pathologie
Algoritmus
Diversifikation
Liquität
Subvention
Delickt
Jurisprodenz
Nanotechnologie
Viskosität
Affekt
Dissoziation
Kogniton
Therapie
Maiose
Tramskription
Elektrolyse
Katalisator
Valentz
Impuls
Methaper
 
Antwortstatistiken
Antwort % Korrekt
Impuls
64%
Therapie
62%
Affekt
50%
Elektrolyse
49%
Subvention
48%
Pathologie
44%
Nanotechnologie
43%
Biopsie
39%
Viskosität
39%
Immunologie
35%
Diversifikation
34%
Dissoziation
33%
Keine übereinstimmenden Quizze gefunden
Verteilung der Resultate
Anzahl Personen mit jedem Resultat
Perzentil nach korrekt beantworteten Fragen
Ihre Resultats-Entwicklung
Sie haben dieses Quiz noch nicht gespielt